000 00869nam a22001577a 4500
020 _a9781544507859
040 _cNUSt
082 _a158.12,GOG
100 _aGoggins, David
_9134401
245 _aCan't hurt me:
_bmaster your mind and Defy the odds /
_cDavid Goggins
260 _aAmerican
_b Lioncrest
_c2018
300 _a294 p.;
505 _aIntroduction (Page-), I should Been A Statistic (Page-9), Truth Hurts (Page-32), The Impossible task (Page-59), Taking Souls (Page-83), Armored Mind (Page-195), It's Not About A trophy (Page-132), The Most Powerful Weapon (Page-155), Talent Not Reacquired (Page-186), Uncommon Amongst Uncommon (Page-214), The Empowerment of Failure (Page-241), What If (Page-271), Acknowledgment (Page-290), About the Author (Page-294).
650 _aMemoir and self-help guide detailing his life
_9134402
942 _2ddc
_cBK
_k158.12,GOG
999 _c617385
_d617385